[Event "SRB-ch sf Belgrade-ch"]
[Site "Belgrade"]
[Date "2017.01.31"]
[Round "9"]
[White "Nenadovic, Jakov"]
[Black "Isakovic, Vuk"]
[Result "1/2-1/2"]
[WhiteElo "1194"]
[BlackElo "1230"]
[PlyCount "72"]
[EventDate "2017.01.23"]
[EventType "swiss"]
[EventRounds "9"]
[EventCountry "SRB"]
[SourceTitle "EXT 2018"]
[Source "ChessBase"]
[SourceDate "2017.10.13"]
[SourceVersion "1"]
[SourceVersionDate "2017.10.13"]
[SourceQuality "1"]

1. e4 e5 2. Nf3 Nc6 3. Bc4 Nf6 4. d3 h6 5. a3 Be7 6. Nc3 d6 7. h3 Be6 8. Bxe6 fxe6 9. Nh2 a6 10. Ng4 Qd7 11. Be3 d5 12. Nxf6+ Bxf6 13. Bd2 d4 14. Ne2 a5 15. f4 Qd6 16. 0-0 0-0 17. fxe5 Nxe5 18. Nf4 Nd7 19. Qg4 e5 20. Nh5 Kh7 21. Nxf6+ Nxf6 22. Qh4 b6 23. g4 Nd7 24. g5 Qg6 25. Kh1 c6 26. gxh6 gxh6 27. Rg1 Qf6 28. Qxf6 Rxf6 29. Raf1 Raf8 30. Rxf6 Rxf6 31. Kg2 Rg6+ 32. Kf2 Rxg1 33. Kxg1 Kg6 34. Kg2 a4 35. Be1 c5 36. Bh4 b5 1/2-1/2

[Event "Belgrade-ch sf"]
[Site "Belgrade"]
[Date "2017.01.26"]
[Round "4"]
[White "Mitrovic, Stefan"]
[Black "Isakovic, Vuk"]
[Result "1/2-1/2"]
[WhiteElo "1561"]
[BlackElo "1230"]
[PlyCount "73"]
[EventDate "2017.01.23"]
[EventType "swiss"]
[EventRounds "7"]
[EventCountry "SRB"]
[SourceTitle "CBM 176 Extra"]
[Source "ChessBase"]
[SourceDate "2017.03.02"]
[SourceVersion "1"]
[SourceVersionDate "2017.03.02"]
[SourceQuality "1"]

1. e4 e5 2. Bc4 Nf6 3. Nc3 Bc5 4. Nf3 Nc6 5. d3 h6 6. 0-0 d6 7. h3 0-0 8. Be3 Bb6 9. d4 exd4 10. Nxd4 Bd7 11. Nxc6 Bxc6 12. Bxb6 axb6 13. Re1 Re8 14. f3 Nd7 15. Qd2 Qf6 16. Rad1 Qg6 17. Qf2 Kh8 18. Nd5 Bxd5 19. exd5 f6 20. Rxe8+ Rxe8 21. Bb5 Re7 22. Bxd7 Rxd7 23. Re1 Qf7 24. Qe3 Kh7 25. c4 f5 26. Qe8 c5 27. dxc6 bxc6 28. Qxf7 Rxf7 29. Re8 Ra7 30. a3 Ra4 31. Re6 Rxc4 32. Rxd6 b5 33. Rd3 Rc2 34. b4 h5 35. Re3 Ra2 36. Rc3 g6 37. Rxc6 1/2-1/2